|
|
|
|
| LEADER |
00000cam a22000004a 4500 |
| 001 |
musev2_10345 |
| 003 |
MdBmJHUP |
| 005 |
20230905041158.0 |
| 006 |
m o d |
| 007 |
cr||||||||nn|n |
| 008 |
080529s2008 tnu o 00 0 eng d |
| 010 |
|
|
|z 2008023782
|
| 020 |
|
|
|a 9780826592514
|
| 035 |
|
|
|a (OCoLC)592756266
|
| 040 |
|
|
|a MdBmJHUP
|c MdBmJHUP
|
| 050 |
0 |
4 |
|a PQ6605.A826
|b Z65 2008
|
| 082 |
0 |
|
|a 861/.62
|2 22
|
| 100 |
1 |
|
|a Hooper, Kirsty.
|
| 245 |
1 |
2 |
|a A Stranger in My Own Land :
|b Sofia Casanova, a Spanish Writer in the European Fin de Siecle /
|c Kirsty Hooper.
|
| 264 |
|
1 |
|a Nashville :
|b Vanderbilt University Press,
|c 2008.
|
| 264 |
|
3 |
|a Baltimore, Md. :
|b Project MUSE,
|c 2012
|
| 264 |
|
4 |
|c ©2008.
|
| 300 |
|
|
|a 1 online resource (264 pages).
|
| 336 |
|
|
|a text
|b txt
|2 rdacontent
|
| 337 |
|
|
|a computer
|b c
|2 rdamedia
|
| 338 |
|
|
|a online resource
|b cr
|2 rdacarrier
|
| 504 |
|
|
|a Includes bibliographical references (p. 223-230) and index.
|
| 505 |
0 |
|
|a "Like Atlantis swallowed up by the sea" : the vanishing of Spain's early Twentieth-Century women writers -- Poland-Russia-Lithuania : el doctor Wolski, Páginas de Polonia y Rusia (1894) -- Andalusia-Madrid-Africa : Lo eterno (1907) -- Poland-Madrid-Poland, más que amor : Cartas (1908) -- Madrid-Galicia : Princesa del amor hermoso (1909) -- Madrid-London-St. Petersburg-Galicia-America : El pecado (1911) and El crimen de Beira-mar (1914).
|
| 588 |
|
|
|a Description based on print version record.
|
| 600 |
1 |
0 |
|a Casanova, Sofía,
|d 1861-1958
|x Criticism and interpretation.
|
| 655 |
|
7 |
|a Electronic books.
|2 local
|
| 710 |
2 |
|
|a Project Muse.
|e distributor
|
| 830 |
|
0 |
|a Book collections on Project MUSE.
|
| 856 |
4 |
0 |
|z Texto completo
|u https://projectmuse.uam.elogim.com/book/10345/
|
| 945 |
|
|
|a Project MUSE - Custom Collection
|
| 945 |
|
|
|a Project MUSE - Archive Complete Foundation
|
| 945 |
|
|
|a Project MUSE - Archive Literature Foundation
|